00472nam a22001337a 4500003000500000038001800005082000800023100001600031245014600047264003300193650001900226700003500245856005800280NUST aNusrat Nadeem a200 aKarim, Hira aSustainable and Green Utility of Amino Acids based Ionic Liquids for CO2 Sorption: Computational and Experimental Investigations/cHira Karim aIslamabad:bSNS NUST.c2025. aPhD-Chemistry  aSupervisor: Dr. Muhammad Arfan u http://10.250.8.41:8080/xmlui/handle/123456789/57057